| 000 | 00964nam a22002895i 4500 | ||
|---|---|---|---|
| 003 | EG-ScBUE | ||
| 005 | 20230112104458.0 | ||
| 008 | 080803s1972 enka f b 000 0beng d | ||
| 020 | _a0900675683 | ||
| 040 |
_aEG-ScBUE _beng _erda _cEG-ScBUE _dEG-ScBUE |
||
| 082 | 0 | 4 |
_a759.9494 _bMAY _222 |
| 100 | 1 |
_aMayer, Dorothy Moulton, _d1886-1974, _eauthor. |
|
| 245 | 1 | 0 |
_aAngelica Kauffmann, R. A., 1741-1807 / _cDorothy Moulton Mayer. |
| 264 | 1 |
_aGerrards Cross : _bColin Smythe, _c1972. |
|
| 300 |
_a192 pages : _billustrations (some color) ; _c24 cm |
||
| 336 |
_2rdacontent _atext _btxt |
||
| 337 |
_2rdamedia _aunmediated _bn |
||
| 338 |
_2rdacarrier _avolume _bnc |
||
| 504 | _aIncludes bibliographical references. | ||
| 590 | _ayassmeen ashraf | ||
| 600 | 1 | 7 |
_aKauffmann, Angelica, _d1741-1807. _2BUEsh |
| 650 | 7 |
_aPainters _zSwitzerland _vBiography. _2BUEsh |
|
| 651 | _2BUEsh | ||
| 653 |
_bENGARC _cAugust2015 |
||
| 655 | _vReading book | ||
| 942 |
_cBB _2ddc |
||
| 999 |
_c6377 _d6377 |
||